[Event "U14 Polish Youth Championship"]
[Site "chess24.com"]
[Date "2018.05.02"]
[Round "5"]
[White "Suder, Jakub"]
[Black "Kozlowski, Michal"]
[Result "1-0"]
[Board "18"]
[WhiteElo "1895"]
[WhiteCountry "POL"]
[WhiteFideId "1195310"]
[WhiteEloChange "4"]
[BlackElo "1648"]
[BlackCountry "POL"]
[BlackFideId "21838194"]
[BlackEloChange "-4"]

1. d4 {[%clk 1:30:57]} d5 {[%clk 1:30:55]} 2. c4 {[%clk 1:31:23]} e6 {[%clk
1:31:20]} 3. Nc3 {[%clk 1:31:49]} Nf6 {[%clk 1:31:47]} 4. cxd5 {[%clk 1:32:13]}
exd5 {[%clk 1:32:11]} 5. Bg5 {[%clk 1:32:37]} Be7 {[%clk 1:32:01]} 6. e3 {[%clk
1:33:00]} c6 {[%clk 1:32:23]} 7. Bd3 {[%clk 1:33:25]} O-O {[%clk 1:31:10]} 8. Qc2
{[%clk 1:33:45]} h6 {[%clk 1:30:57]} 9. Bh4 {[%clk 1:34:05]} Nbd7 {[%clk
1:30:42]} 10. Nge2 {[%clk 1:34:23]} b6 {[%clk 1:29:27]} 11. O-O {[%clk 1:33:50]}
Bb7 {[%clk 1:29:38]} 12. f3 {[%clk 1:32:56]} c5 {[%clk 1:27:34]} 13. Rad1 {[%clk
1:30:57]} Rc8 {[%clk 1:20:07]} 14. Qd2 {[%clk 1:27:42]} Re8 {[%clk 1:12:32]} 15.
Bb1 {[%clk 1:24:16]} Nh7 {[%clk 1:01:33]} 16. Qd3 {[%clk 1:18:04]} Nhf8 {[%clk
1:00:41]} 17. Bf2 {[%clk 1:17:30]} Nf6 {[%clk 0:52:00]} 18. Ng3 {[%clk 1:14:54]}
g6 {[%clk 0:50:10]} 19. h4 {[%clk 1:08:50]} h5 {[%clk 0:49:35]} 20. Nge2 {[%clk
1:06:50]} Ne6 {[%clk 0:47:55]} 21. Nf4 {[%clk 0:58:15]} Nxf4 {[%clk 0:45:26]} 22.
exf4 {[%clk 0:58:37]} c4 {[%clk 0:38:54]} 23. Qc2 {[%clk 0:57:53]} Rc6 {[%clk
0:37:18]} 24. f5 {[%clk 0:55:34]} Nh7 {[%clk 0:35:11]} 25. Rfe1 {[%clk 0:50:43]}
Kg7 {[%clk 0:30:32]} 26. Re5 {[%clk 0:48:29]} Rd6 {[%clk 0:21:08]} 27. Rde1
{[%clk 0:48:10]} Bc6 {[%clk 0:20:12]} 28. Qe2 {[%clk 0:47:14]} Rd7 {[%clk
0:18:10]} 29. fxg6 {[%clk 0:47:12]} Nf6 {[%clk 0:16:08]} 30. gxf7 {[%clk
0:46:20]} Kxf7 {[%clk 0:16:31]} 31. Bf5 {[%clk 0:45:31]} Rb7 {[%clk 0:15:27]} 32.
Be6+ {[%clk 0:45:16]} Kf8 {[%clk 0:15:49]} 33. Qe3 {[%clk 0:45:22]} Ng8 {[%clk
0:13:52]} 34. Bxd5 {[%clk 0:42:45]} Bxd5 {[%clk 0:13:41]} 35. Nxd5 {[%clk
0:42:20]} Rb8 {[%clk 0:13:15]} 36. Bg3 {[%clk 0:41:06]} Rc8 {[%clk 0:13:28]} 37.
Kh1 {[%clk 0:39:03]} Bf6 {[%clk 0:12:51]} 38. Nxf6 {[%clk 0:39:07]} Nxf6 {[%clk
0:13:14]} 39. Qh6+ {[%clk 0:38:57]} Kf7 {[%clk 0:13:29]} 40. Rxe8 {[%clk
0:39:15]} Nxe8 {[%clk 0:13:53]} 41. Qe6+ {[%clk 0:37:47]} Kf8 {[%clk 0:14:11]}
42. Re4 {[%clk 0:36:13]} Kg7 {[%clk 0:13:32]} 43. Be5+ {[%clk 0:36:16]} Kh7
{[%clk 0:13:38]} 44. Qf7+ {[%clk 0:36:35]} 1-0

[Event "U14 Polish Youth Championship"]
[Site "chess24.com"]
[Date "2018.05.02"]
[Round "5"]
[White "Cwiek, Ryszard"]
[Black "Haliniak, Wojciech"]
[Result "1/2-1/2"]
[Board "19"]
[WhiteElo "1809"]
[WhiteCountry "POL"]
[WhiteFideId "21840920"]
[WhiteEloChange "-5"]
[BlackElo "1614"]
[BlackCountry "POL"]
[BlackFideId "21838461"]
[BlackEloChange "5"]

1. e4 {[%clk 1:30:57]} Nf6 {[%clk 1:30:55]} 2. Nc3 {[%clk 1:30:32]} e5 {[%clk
1:31:06]} 3. Nf3 {[%clk 1:30:11]} Nc6 {[%clk 1:31:25]} 4. d4 {[%clk 1:29:42]}
exd4 {[%clk 1:31:46]} 5. Nxd4 {[%clk 1:29:37]} Bb4 {[%clk 1:30:04]} 6. Nxc6
{[%clk 1:28:35]} Bxc3+ {[%clk 1:25:26]} 7. bxc3 {[%clk 1:28:55]} dxc6 {[%clk
1:24:36]} 8. Bd3 {[%clk 1:26:53]} Qd6 {[%clk 1:20:53]} 9. h3 {[%clk 1:22:17]} O-O
{[%clk 1:18:04]} 10. Qf3 {[%clk 1:18:28]} Qe5 {[%clk 1:12:47]} 11. Bb2 {[%clk
1:17:55]} c5 {[%clk 1:10:56]} 12. O-O {[%clk 1:14:44]} c4 {[%clk 1:01:57]} 13.
Bxc4 {[%clk 1:15:00]} Qxe4 {[%clk 1:02:03]} 14. Qxe4 {[%clk 1:14:39]} Nxe4 {[%clk
1:02:28]} 15. Rfe1 {[%clk 1:14:33]} Nd6 {[%clk 1:00:47]} 16. Bb3 {[%clk 1:12:17]}
Bf5 {[%clk 0:48:11]} 17. Re7 {[%clk 1:10:20]} Rac8 {[%clk 0:41:28]} 18. g4 {[%clk
1:05:58]} Be4 {[%clk 0:37:05]} 19. Ba3 {[%clk 1:04:46]} c5 {[%clk 0:34:37]} 20.
Rd1 {[%clk 1:03:17]} Rfe8 {[%clk 0:34:18]} 21. Rd7 {[%clk 1:01:01]} c4 {[%clk
0:33:39]} 22. R7xd6 {[%clk 0:54:48]} cxb3 {[%clk 0:33:56]} 23. cxb3 {[%clk
0:55:07]} Rxc3 {[%clk 0:33:10]} 24. Re1 {[%clk 0:54:23]} Rcc8 {[%clk 0:32:56]}
25. Bc5 {[%clk 0:50:05]} a6 {[%clk 0:30:02]} 26. a3 {[%clk 0:48:39]} Bc6 {[%clk
0:28:34]} 27. Rxe8+ {[%clk 0:47:29]} Rxe8 {[%clk 0:29:01]} 28. Be3 {[%clk
0:47:36]} f6 {[%clk 0:28:12]} 29. Kh2 {[%clk 0:46:46]} Kf7 {[%clk 0:27:19]} 30.
Kg3 {[%clk 0:45:32]} Re5 {[%clk 0:26:22]} 31. b4 {[%clk 0:44:52]} Rd5 {[%clk
0:25:55]} 32. Rxd5 {[%clk 0:44:46]} Bxd5 {[%clk 0:26:22]} 33. a4 {[%clk 0:43:09]}
Bc6 {[%clk 0:25:15]} 34. a5 {[%clk 0:43:24]} Ke6 {[%clk 0:25:03]} 35. Bc5 {[%clk
0:41:45]} g6 {[%clk 0:23:04]} 36. f4 {[%clk 0:41:24]} Be4 {[%clk 0:22:03]} 37. h4
{[%clk 0:41:04]} h5 {[%clk 0:21:18]} 38. g5 {[%clk 0:40:43]} f5 {[%clk 0:19:42]}
39. Kf2 {[%clk 0:40:00]} Kd5 {[%clk 0:19:47]} 40. Ke3 {[%clk 0:39:51]} Kc4 {[%clk
0:19:58]} 41. Be7 {[%clk 0:39:16]} Bc6 {[%clk 0:19:08]} 1/2-1/2

[Event "U14 Polish Youth Championship"]
[Site "chess24.com"]
[Date "2018.05.02"]
[Round "5"]
[White "Kietrys, Maciej"]
[Black "Kacprzak, Karol"]
[Result "1/2-1/2"]
[Board "20"]
[WhiteElo "1699"]
[WhiteCountry "POL"]
[WhiteFideId "21820732"]
[WhiteEloChange "3"]
[BlackElo "1794"]
[BlackCountry "POL"]
[BlackFideId "21819327"]
[BlackEloChange "-3"]

1. e4 {[%clk 1:30:56]} c5 {[%clk 1:30:49]} 2. Nc3 {[%clk 1:30:37]} d6 {[%clk
1:30:58]} 3. g3 {[%clk 1:30:43]} Nf6 {[%clk 1:30:56]} 4. Bg2 {[%clk 1:30:42]} Nc6
{[%clk 1:30:10]} 5. d3 {[%clk 1:30:18]} g6 {[%clk 1:29:45]} 6. Nge2 {[%clk
1:29:23]} Bg7 {[%clk 1:29:47]} 7. h3 {[%clk 1:29:01]} Nd4 {[%clk 1:27:00]} 8. Be3
{[%clk 1:28:48]} e5 {[%clk 1:26:46]} 9. Qd2 {[%clk 1:28:19]} O-O {[%clk 1:07:44]}
10. Nd1 {[%clk 1:25:47]} b5 {[%clk 0:49:31]} 11. c3 {[%clk 1:22:55]} Nxe2 {[%clk
1:07:46]} 12. Qxe2 {[%clk 1:23:01]} Bb7 {[%clk 1:07:44]} 13. O-O {[%clk 1:20:40]}
Qc7 {[%clk 1:08:05]} 14. f4 {[%clk 1:18:26]} Rac8 {[%clk 1:05:00]} 15. Nf2 {[%clk
1:10:36]} Rfe8 {[%clk 1:04:17]} 16. Ng4 {[%clk 1:03:11]} Nxg4 {[%clk 1:02:24]}
17. hxg4 {[%clk 1:00:53]} exf4 {[%clk 0:51:27]} 18. Bxf4 {[%clk 0:49:37]} Qe7
{[%clk 0:49:22]} 19. Qf2 {[%clk 0:48:11]} a5 {[%clk 0:47:50]} 20. Bxd6 {[%clk
0:36:37]} Qxd6 {[%clk 0:48:14]} 21. Qxf7+ {[%clk 0:37:02]} Kh8 {[%clk 0:48:38]}
22. Qxb7 {[%clk 0:37:06]} Qxg3 {[%clk 0:48:48]} 23. Rf3 {[%clk 0:33:11]} Qxg4
{[%clk 0:44:33]} 24. Raf1 {[%clk 0:28:27]} b4 {[%clk 0:39:08]} 25. Rf7 {[%clk
0:26:11]} Rg8 {[%clk 0:39:32]} 26. R1f4 {[%clk 0:23:37]} Qd1+ {[%clk 0:36:54]}
27. Rf1 {[%clk 0:20:27]} Qg4 {[%clk 0:36:44]} 28. R1f4 {[%clk 0:20:39]} Qd1+
{[%clk 0:37:07]} 29. Rf1 {[%clk 0:19:50]} Qg4 {[%clk 0:37:12]} 30. R1f4 {[%clk
0:19:31]} Qd1+ {[%clk 0:37:12]} 1/2-1/2

[Event "U14 Polish Youth Championship"]
[Site "chess24.com"]
[Date "2018.05.02"]
[Round "5"]
[White "Topola, Rafal"]
[Black "Jozefczyk, Szymon"]
[Result "1/2-1/2"]
[Board "21"]
[WhiteElo "1660"]
[WhiteCountry "POL"]
[WhiteFideId "21830533"]
[WhiteEloChange "-3"]
[BlackElo "1562"]
[BlackCountry "POL"]
[BlackFideId "21837171"]
[BlackEloChange "3"]

1. e4 {[%clk 1:30:57]} c5 {[%clk 1:30:48]} 2. Nf3 {[%clk 1:31:23]} d6 {[%clk
1:31:06]} 3. d4 {[%clk 1:31:49]} cxd4 {[%clk 1:31:18]} 4. Nxd4 {[%clk 1:32:18]}
Nf6 {[%clk 1:31:29]} 5. Nc3 {[%clk 1:32:42]} a6 {[%clk 1:31:40]} 6. Be3 {[%clk
1:32:45]} e5 {[%clk 1:31:10]} 7. Nf3 {[%clk 1:33:04]} Qc7 {[%clk 1:28:53]} 8. Bg5
{[%clk 1:29:33]} Nbd7 {[%clk 1:21:27]} 9. Nd2 {[%clk 1:28:49]} b5 {[%clk
1:17:00]} 10. a4 {[%clk 1:23:40]} b4 {[%clk 1:14:40]} 11. Na2 {[%clk 1:24:00]} a5
{[%clk 1:09:40]} 12. Bb5 {[%clk 1:23:42]} Be7 {[%clk 1:05:38]} 13. Bxf6 {[%clk
1:22:20]} Bxf6 {[%clk 1:03:45]} 14. c3 {[%clk 1:21:50]} bxc3 {[%clk 1:00:52]} 15.
Nxc3 {[%clk 1:21:22]} Bb7 {[%clk 0:58:52]} 16. Nc4 {[%clk 1:20:46]} Ke7 {[%clk
0:52:56]} 17. Qxd6+ {[%clk 1:14:58]} Qxd6 {[%clk 0:48:27]} 18. Nxd6 {[%clk
1:15:27]} Kxd6 {[%clk 0:48:06]} 19. Rd1+ {[%clk 1:15:45]} Ke6 {[%clk 0:46:57]}
20. Bxd7+ {[%clk 1:15:36]} Ke7 {[%clk 0:47:18]} 21. Bb5 {[%clk 1:16:00]} Rhd8
{[%clk 0:47:02]} 22. Ke2 {[%clk 1:11:19]} Rd4 {[%clk 0:45:14]} 23. f3 {[%clk
1:08:26]} Rad8 {[%clk 0:43:49]} 24. Rxd4 {[%clk 1:08:42]} Rxd4 {[%clk 0:43:36]}
25. Rd1 {[%clk 1:08:54]} Rxd1 {[%clk 0:39:05]} 26. Kxd1 {[%clk 1:07:54]} Kd6
{[%clk 0:38:36]} 27. Bc4 {[%clk 1:08:04]} Ke7 {[%clk 0:37:48]} 28. Kc2 {[%clk
1:08:13]} Bg5 {[%clk 0:37:10]} 29. Kd3 {[%clk 1:07:40]} f6 {[%clk 0:35:34]} 30.
Ne2 {[%clk 1:06:40]} Bc8 {[%clk 0:31:50]} 31. g3 {[%clk 1:06:10]} h5 {[%clk
0:30:52]} 32. Nc3 {[%clk 1:04:02]} Bb7 {[%clk 0:30:14]} 33. Ne2 {[%clk 1:03:05]}
Bc8 {[%clk 0:29:56]} 34. f4 {[%clk 1:02:12]} Bh6 {[%clk 0:29:26]} 35. Ke3 {[%clk
0:59:29]} g5 {[%clk 0:28:46]} 36. f5 {[%clk 0:57:44]} g4+ {[%clk 0:27:30]} 37.
Kd3 {[%clk 0:58:05]} Bb7 {[%clk 0:27:17]} 38. Nc3 {[%clk 0:56:49]} Bc1 {[%clk
0:24:23]} 39. Nd1 {[%clk 0:56:52]} Bc6 {[%clk 0:23:06]} 40. b3 {[%clk 0:49:45]}
Ba3 {[%clk 0:22:40]} 41. Bg8 {[%clk 0:48:54]} Bc5 {[%clk 0:21:47]} 42. Ne3 {[%clk
0:48:44]} Bb7 {[%clk 0:21:31]} 43. Bh7 {[%clk 0:43:38]} Ba6+ {[%clk 0:21:27]} 44.
Kd2 {[%clk 0:44:00]} Bb7 {[%clk 0:21:31]} 45. Kd3 {[%clk 0:39:16]} Ba6+ {[%clk
0:21:36]} 46. Kd2 {[%clk 0:38:05]} Bb7 {[%clk 0:21:56]} 47. Nc4 {[%clk 0:22:37]}
1/2-1/2

[Event "U14 Polish Youth Championship"]
[Site "chess24.com"]
[Date "2018.05.02"]
[Round "5"]
[White "Luberanski, Jakub"]
[Black "Czarniecki, Pawel"]
[Result "0-1"]
[Board "22"]
[WhiteElo "1880"]
[WhiteCountry "POL"]
[WhiteFideId "21830509"]
[WhiteEloChange "-18"]
[BlackElo "1412"]
[BlackCountry "POL"]
[BlackFideId "21810109"]
[BlackEloChange "18"]

1. e4 {[%clk 1:30:59]} c5 {[%clk 1:30:56]} 2. Nf3 {[%clk 1:31:22]} e6 {[%clk
1:31:22]} 3. d4 {[%clk 1:31:45]} cxd4 {[%clk 1:31:47]} 4. Nxd4 {[%clk 1:32:12]}
a6 {[%clk 1:32:12]} 5. Bd3 {[%clk 1:31:28]} Nf6 {[%clk 1:32:32]} 6. Qe2 {[%clk
1:31:36]} d6 {[%clk 1:32:44]} 7. Be3 {[%clk 1:31:31]} b5 {[%clk 1:33:01]} 8. a4
{[%clk 1:28:54]} b4 {[%clk 1:33:05]} 9. Nd2 {[%clk 1:25:22]} Bb7 {[%clk 1:32:36]}
10. O-O {[%clk 1:18:50]} Be7 {[%clk 1:32:30]} 11. f3 {[%clk 1:17:24]} O-O {[%clk
1:31:53]} 12. N4b3 {[%clk 1:13:09]} Nbd7 {[%clk 1:31:26]} 13. Nc4 {[%clk
1:09:49]} a5 {[%clk 1:28:00]} 14. Qf2 {[%clk 1:08:35]} Ra6 {[%clk 1:25:07]} 15.
Ncd2 {[%clk 1:07:16]} Ra8 {[%clk 1:24:40]} 16. Nc4 {[%clk 1:02:44]} Ra6 {[%clk
1:24:38]} 17. Rad1 {[%clk 0:50:15]} Qc7 {[%clk 1:21:38]} 18. Qg3 {[%clk 0:42:48]}
Nh5 {[%clk 1:14:32]} 19. Qh3 {[%clk 0:41:56]} Nhf6 {[%clk 1:14:20]} 20. Nd4
{[%clk 0:32:22]} d5 {[%clk 1:06:26]} 21. exd5 {[%clk 0:28:08]} Bxd5 {[%clk
1:06:09]} 22. b3 {[%clk 0:26:54]} Nc5 {[%clk 1:04:02]} 23. Nb5 {[%clk 0:21:19]}
Qb8 {[%clk 1:01:58]} 24. Qh4 {[%clk 0:16:22]} Nxd3 {[%clk 0:57:32]} 25. cxd3
{[%clk 0:16:46]} Bc6 {[%clk 0:51:55]} 26. Nd4 {[%clk 0:12:40]} Nd5 {[%clk
0:50:11]} 27. Nxc6 {[%clk 0:12:39]} Rxc6 {[%clk 0:49:12]} 28. Qe1 {[%clk
0:11:32]} Qc7 {[%clk 0:46:05]} 29. Bd4 {[%clk 0:11:15]} f6 {[%clk 0:44:55]} 30.
Qe4 {[%clk 0:11:06]} Rd8 {[%clk 0:42:35]} 31. Kh1 {[%clk 0:08:15]} e5 {[%clk
0:42:15]} 32. Bb2 {[%clk 0:08:37]} Nf4 {[%clk 0:41:24]} 33. Rfe1 {[%clk 0:05:59]}
Re6 {[%clk 0:33:33]} 34. g3 {[%clk 0:05:11]} Nh3 {[%clk 0:31:46]} 35. Qf5 {[%clk
0:03:20]} Ng5 {[%clk 0:31:24]} 36. d4 {[%clk 0:01:46]} g6 {[%clk 0:26:45]} 37.
Qd3 {[%clk 0:02:08]} exd4 {[%clk 0:26:27]} 38. Rxe6 {[%clk 0:01:24]} Nxe6 {[%clk
0:26:43]} 39. Qe2 {[%clk 0:01:23]} Kf7 {[%clk 0:25:16]} 40. Re1 {[%clk 0:00:44]}
Ng5 {[%clk 0:25:09]} 41. h4 {[%clk 0:00:39]} d3 {[%clk 0:23:42]} 42. Qf2 {[%clk
0:00:33]} Bc5 {[%clk 0:22:51]} 43. Qg2 {[%clk 0:00:58]} Ne6 {[%clk 0:22:30]} 44.
Qh3 {[%clk 0:01:19]} Qc6 {[%clk 0:21:22]} 45. Kg2 {[%clk 0:00:58]} d2 {[%clk
0:21:16]} 46. Rd1 {[%clk 0:01:24]} Qd5 {[%clk 0:20:09]} 47. Rxd2 {[%clk 0:01:19]}
Qxd2+ {[%clk 0:19:53]} 48. Nxd2 {[%clk 0:01:45]} Rxd2+ {[%clk 0:20:18]} 49. Kf1
{[%clk 0:02:10]} Rxb2 {[%clk 0:20:20]} 50. Qg4 {[%clk 0:01:55]} Rxb3 {[%clk
0:19:59]} 51. Qe4 {[%clk 0:01:40]} Ra3 {[%clk 0:19:36]} 52. Qb7+ {[%clk 0:02:01]}
Be7 {[%clk 0:19:39]} 53. Ke1 {[%clk 0:01:32]} Rxa4 {[%clk 0:19:37]} 54. Qd5
{[%clk 0:01:45]} Ra3 {[%clk 0:19:32]} 55. Kd2 {[%clk 0:02:06]} b3 {[%clk
0:18:54]} 56. Kc1 {[%clk 0:02:20]} a4 {[%clk 0:18:57]} 57. Kb1 {[%clk 0:02:23]}
Ra2 {[%clk 0:18:39]} 58. Qc4 {[%clk 0:02:28]} a3 {[%clk 0:17:17]} 59. Qf1 {[%clk
0:01:24]} Rc2 {[%clk 0:16:29]} 60. Qd1 {[%clk 0:01:39]} a2+ {[%clk 0:15:55]} 61.
Ka1 {[%clk 0:02:05]} f5 {[%clk 0:16:09]} 62. Qd7 {[%clk 0:02:13]} Rc1+ {[%clk
0:16:24]} 63. Kb2 {[%clk 0:02:40]} a1Q+ {[%clk 0:16:44]} 0-1

[Event "U14 Polish Youth Championship"]
[Site "chess24.com"]
[Date "2018.05.02"]
[Round "5"]
[White "Wasik, Mateusz"]
[Black "Sieczkowski, Adam"]
[Result "1-0"]
[Board "23"]
[WhiteElo "1624"]
[WhiteCountry "POL"]
[WhiteFideId "21867666"]
[WhiteEloChange "12"]
[BlackElo "1695"]
[BlackCountry "POL"]
[BlackFideId "21835250"]
[BlackEloChange "-12"]

1. d4 {[%clk 1:30:55]} Nf6 {[%clk 1:30:56]} 2. Bf4 {[%clk 1:31:18]} g6 {[%clk
1:30:57]} 3. Nf3 {[%clk 1:31:39]} Bg7 {[%clk 1:31:21]} 4. e3 {[%clk 1:31:55]} O-O
{[%clk 1:31:42]} 5. Be2 {[%clk 1:31:50]} d6 {[%clk 1:31:16]} 6. h3 {[%clk
1:32:12]} b6 {[%clk 1:26:01]} 7. Nbd2 {[%clk 1:31:49]} Bb7 {[%clk 1:26:20]} 8.
O-O {[%clk 1:31:48]} Nbd7 {[%clk 1:26:19]} 9. a4 {[%clk 1:31:37]} c5 {[%clk
1:25:34]} 10. c3 {[%clk 1:31:36]} Qc7 {[%clk 1:21:46]} 11. a5 {[%clk 1:30:57]}
Rfc8 {[%clk 1:18:26]} 12. Qb3 {[%clk 1:30:32]} Ne4 {[%clk 1:02:48]} 13. a6 {[%clk
1:28:42]} Nxd2 {[%clk 1:01:45]} 14. Nxd2 {[%clk 1:29:03]} c4 {[%clk 1:01:09]} 15.
Bxc4 {[%clk 1:28:22]} Bc6 {[%clk 1:01:34]} 16. Bxf7+ {[%clk 1:24:44]} Kh8 {[%clk
1:01:48]} 17. Be6 {[%clk 1:20:29]} Rf8 {[%clk 1:02:10]} 18. Nf3 {[%clk 1:18:23]}
h6 {[%clk 1:02:24]} 19. h4 {[%clk 1:02:03]} Rf6 {[%clk 1:02:30]} 20. Nh2 {[%clk
0:51:36]} Raf8 {[%clk 1:02:28]} 21. Ng4 {[%clk 0:47:10]} Rxf4 {[%clk 1:02:57]}
22. exf4 {[%clk 0:47:32]} Rxf4 {[%clk 1:03:26]} 23. Rae1 {[%clk 0:45:44]} h5
{[%clk 1:03:38]} 24. Nh2 {[%clk 0:42:08]} Nf6 {[%clk 1:03:57]} 25. Qc2 {[%clk
0:36:02]} Be4 {[%clk 1:02:29]} 26. Qd2 {[%clk 0:36:07]} d5 {[%clk 1:02:45]} 27.
g3 {[%clk 0:34:55]} 1-0

[Event "U14 Polish Youth Championship"]
[Site "chess24.com"]
[Date "2018.05.02"]
[Round "5"]
[White "Kalkowski, Igor"]
[Black "Michalski, Adrian"]
[Result "1-0"]
[Board "24"]
[WhiteElo "1720"]
[WhiteCountry "POL"]
[WhiteFideId "21833966"]
[WhiteEloChange "2"]
[BlackElo "1355"]
[BlackCountry "POL"]
[BlackFideId "21836140"]
[BlackEloChange "-2"]

1. e4 {[%clk 1:30:54]} d6 {[%clk 1:30:50]} 2. d4 {[%clk 1:31:17]} g6 {[%clk
1:31:14]} 3. Nc3 {[%clk 1:31:33]} Bg7 {[%clk 1:31:37]} 4. Bc4 {[%clk 1:31:30]}
Nf6 {[%clk 1:30:29]} 5. Qe2 {[%clk 1:31:53]} c6 {[%clk 1:28:54]} 6. e5 {[%clk
1:28:33]} dxe5 {[%clk 1:28:51]} 7. dxe5 {[%clk 1:28:39]} Nd5 {[%clk 1:29:13]} 8.
Bxd5 {[%clk 1:26:02]} cxd5 {[%clk 1:29:27]} 9. Bf4 {[%clk 1:23:44]} a6 {[%clk
1:27:24]} 10. O-O-O {[%clk 1:22:44]} e6 {[%clk 1:26:31]} 11. Ne4 {[%clk 1:20:44]}
O-O {[%clk 1:25:58]} 12. Nd6 {[%clk 1:14:00]} b5 {[%clk 1:24:09]} 13. h4 {[%clk
1:09:06]} Nc6 {[%clk 1:23:26]} 14. h5 {[%clk 0:49:51]} Na5 {[%clk 1:19:50]} 15.
hxg6 {[%clk 0:46:06]} fxg6 {[%clk 1:20:14]} 16. Qg4 {[%clk 0:42:25]} Nc4 {[%clk
1:18:21]} 17. Nxc4 {[%clk 0:39:30]} bxc4 {[%clk 1:18:33]} 18. Nf3 {[%clk
0:35:24]} Rb8 {[%clk 1:14:24]} 19. Be3 {[%clk 0:18:15]} Qa5 {[%clk 1:12:59]} 20.
Rxh7 {[%clk 0:18:11]} Rxb2 {[%clk 1:10:41]} 21. Rxg7+ {[%clk 0:16:07]} Kxg7
{[%clk 1:10:52]} 22. Kxb2 {[%clk 0:14:59]} Rf7 {[%clk 1:08:54]} 23. Rh1 {[%clk
0:10:31]} Rb7+ {[%clk 1:06:51]} 24. Kc1 {[%clk 0:10:43]} Qc3 {[%clk 1:06:32]} 25.
Bh6+ {[%clk 0:10:05]} Kf7 {[%clk 1:06:41]} 26. Qd4 {[%clk 0:08:30]} Qa3+ {[%clk
1:06:57]} 27. Kd2 {[%clk 0:08:36]} Rb2 {[%clk 1:07:17]} 28. Bg5 {[%clk 0:08:18]}
Qxa2 {[%clk 1:06:53]} 29. Qf4+ {[%clk 0:07:28]} Ke8 {[%clk 1:06:37]} 30. Rh8+
{[%clk 0:07:48]} Kd7 {[%clk 1:07:04]} 31. Qf7+ {[%clk 0:08:09]} Kc6 {[%clk
1:07:25]} 32. Rxc8+ {[%clk 0:08:32]} Kb5 {[%clk 1:07:44]} 33. Nd4+ {[%clk
0:07:47]} Ka5 {[%clk 1:08:05]} 34. Qc7+ {[%clk 0:07:44]} 1-0

[Event "U14 Polish Youth Championship"]
[Site "chess24.com"]
[Date "2018.05.02"]
[Round "5"]
[White "Bukala, Norbert"]
[Black "Trybus, Daniel"]
[Result "0-1"]
[Board "25"]
[WhiteElo "1453"]
[WhiteCountry "POL"]
[WhiteFideId "21819971"]
[WhiteEloChange "-2"]
[BlackElo "1831"]
[BlackCountry "POL"]
[BlackFideId "21816131"]
[BlackEloChange "2"]

1. d4 {[%clk 1:30:59]} Nf6 {[%clk 1:30:30]} 2. c4 {[%clk 1:31:26]} g6 {[%clk
1:31:16]} 3. Nc3 {[%clk 1:31:49]} Bg7 {[%clk 1:31:44]} 4. e4 {[%clk 1:32:03]} d6
{[%clk 1:32:08]} 5. f4 {[%clk 1:32:06]} O-O {[%clk 1:31:54]} 6. Nf3 {[%clk
1:26:50]} c5 {[%clk 1:30:56]} 7. d5 {[%clk 1:25:49]} e6 {[%clk 1:30:08]} 8. Bd3
{[%clk 1:16:35]} exd5 {[%clk 1:29:32]} 9. cxd5 {[%clk 1:15:03]} b5 {[%clk
1:29:31]} 10. Bxb5 {[%clk 1:03:11]} Nxe4 {[%clk 1:28:03]} 11. Nxe4 {[%clk
0:53:30]} Qa5+ {[%clk 1:27:11]} 12. Kf2 {[%clk 0:43:26]} Qxb5 {[%clk 1:25:52]}
13. Nxd6 {[%clk 0:40:14]} Qb6 {[%clk 1:26:02]} 14. Nc4 {[%clk 0:33:13]} Qa6
{[%clk 1:21:48]} 15. Ne3 {[%clk 0:28:55]} Nd7 {[%clk 1:17:48]} 16. Qc2 {[%clk
0:25:15]} Nf6 {[%clk 1:14:36]} 17. Bd2 {[%clk 0:17:44]} Re8 {[%clk 1:11:42]} 18.
Ne5 {[%clk 0:15:27]} Bb7 {[%clk 1:10:12]} 19. Rhd1 {[%clk 0:12:59]} Rad8 {[%clk
1:08:19]} 20. Bc3 {[%clk 0:07:54]} Nxd5 {[%clk 1:08:19]} 21. Nxd5 {[%clk
0:07:27]} Bxd5 {[%clk 0:58:55]} 22. Rd2 {[%clk 0:05:57]} Qf6 {[%clk 0:48:11]} 23.
g3 {[%clk 0:05:12]} Qe6 {[%clk 0:46:24]} 24. Re1 {[%clk 0:03:07]} Qh3 {[%clk
0:42:39]} 25. Nf3 {[%clk 0:02:19]} Rxe1 {[%clk 0:38:49]} 26. Kxe1 {[%clk
0:02:36]} Re8+ {[%clk 0:38:45]} 27. Kf2 {[%clk 0:00:59]} Bc4 {[%clk 0:38:53]} 28.
Qb1 {[%clk 0:00:32]} Qe6 {[%clk 0:36:59]} 29. Kg2 {[%clk 0:00:34]} Bxc3 {[%clk
0:29:36]} 30. bxc3 {[%clk 0:00:58]} Qe3 {[%clk 0:29:52]} 31. Qc2 {[%clk 0:00:55]}
f6 {[%clk 0:28:58]} 32. Qa4 {[%clk 0:00:46]} Bf1+ {[%clk 0:27:48]} 33. Kh1 {[%clk
0:00:34]} Qxf3+ {[%clk 0:27:56]} 34. Kg1 {[%clk 0:00:53]} Qe3+ {[%clk 0:28:01]}
35. Kh1 {[%clk 0:00:41]} Bh3 {[%clk 0:27:52]} 36. Qb3+ {[%clk 0:00:35]} Kh8
{[%clk 0:28:12]} 37. Qc2 {[%clk 0:00:54]} Qe1# {[%clk 0:28:12]} 0-1

[Event "U14 Polish Youth Championship"]
[Site "chess24.com"]
[Date "2018.05.02"]
[Round "5"]
[White "Czarnomski, Dominik"]
[Black "Wojtasik, Szymon"]
[Result "1-0"]
[Board "26"]
[WhiteElo "1554"]
[WhiteCountry "POL"]
[WhiteFideId "21836086"]
[WhiteEloChange "4"]
[BlackElo "1329"]
[BlackCountry "POL"]
[BlackFideId "21813990"]
[BlackEloChange "-4"]

1. c4 {[%clk 1:30:58]} c5 {[%clk 1:30:57]} 2. g3 {[%clk 1:31:24]} Nf6 {[%clk
1:30:52]} 3. Bg2 {[%clk 1:31:41]} d5 {[%clk 1:31:01]} 4. cxd5 {[%clk 1:32:04]}
Nxd5 {[%clk 1:31:27]} 5. Nc3 {[%clk 1:32:28]} Nc7 {[%clk 1:31:13]} 6. Nf3 {[%clk
1:32:53]} Nc6 {[%clk 1:31:16]} 7. O-O {[%clk 1:33:17]} e5 {[%clk 1:31:40]} 8. a3
{[%clk 1:33:42]} f6 {[%clk 1:31:17]} 9. Rb1 {[%clk 1:26:16]} Be7 {[%clk 1:19:23]}
10. d3 {[%clk 1:14:15]} Bd7 {[%clk 1:07:28]} 11. Be3 {[%clk 1:12:21]} Qc8 {[%clk
1:04:22]} 12. Na4 {[%clk 1:03:21]} Ne6 {[%clk 0:53:18]} 13. Bd2 {[%clk 0:48:14]}
Rb8 {[%clk 0:43:32]} 14. Nc3 {[%clk 0:44:23]} Nc7 {[%clk 0:37:42]} 15. Re1 {[%clk
0:43:19]} O-O {[%clk 0:37:46]} 16. b4 {[%clk 0:40:50]} b5 {[%clk 0:33:52]} 17.
Ne4 {[%clk 0:37:10]} cxb4 {[%clk 0:29:42]} 18. axb4 {[%clk 0:37:11]} Na6 {[%clk
0:25:24]} 19. Qb3+ {[%clk 0:36:25]} Be6 {[%clk 0:25:29]} 20. Qa3 {[%clk 0:36:16]}
Ra8 {[%clk 0:11:58]} 21. Rec1 {[%clk 0:35:43]} Qb7 {[%clk 0:09:57]} 22. Nxe5
{[%clk 0:30:46]} Bd5 {[%clk 0:03:54]} 23. Nxf6+ {[%clk 0:28:16]} Rxf6 {[%clk
0:02:54]} 24. Bxd5+ {[%clk 0:28:28]} Kh8 {[%clk 0:02:39]} 25. Bxc6 {[%clk
0:28:14]} Rxc6 {[%clk 0:01:23]} 26. Nxc6 {[%clk 0:27:55]} Bf8 {[%clk 0:01:27]}
27. Ra1 {[%clk 0:25:30]} Nc7 {[%clk 0:01:26]} 28. Na5 {[%clk 0:25:05]} Qc8 {[%clk
0:00:57]} 29. Bf4 {[%clk 0:25:19]} Bxb4 {[%clk 0:00:37]} 30. Qxb4 {[%clk
0:25:22]} Nd5 {[%clk 0:00:48]} 31. Rxc8+ {[%clk 0:25:43]} Rxc8 {[%clk 0:01:17]}
32. Qxb5 {[%clk 0:25:15]} Nc3 {[%clk 0:01:30]} 33. Qe5 {[%clk 0:25:19]} h5 {[%clk
0:01:33]} 34. Bh6 {[%clk 0:25:15]} 1-0